| 000 | 00998nam a2200253 i 4500 | ||
|---|---|---|---|
| 001 | 53805 | ||
| 003 | ES-MaACL | ||
| 005 | 20240418091749.0 | ||
| 007 | t| | ||
| 008 | 031113s1998 sp ||||0| spa d | ||
| 020 | _a84-88996-24-1 | ||
| 040 |
_aM-BN _bspa _cM-BN |
||
| 080 | _a821.134.2 Sánchez Bautista, Francisco 1.06 | ||
| 245 | 0 | 0 |
_aEn el grato caudal de lo vivido _b: (estudios sobre Francisco Sánchez Bautista) / _cedición de Francisco Javier Díez de Revenga. |
| 260 |
_aMurcia : _bReal Academia Alfonso X el Sabio, _c[1998] |
||
| 300 |
_a250 p ; _c21 cm. |
||
| 490 | 1 |
_aBiblioteca de estudios regionales ; _v22 |
|
| 600 | 1 | 4 |
_aSánchez Bautista, Francisco- _xCrítica e interpretación. _9102485 |
| 700 | 1 |
_aSánchez Bautista, Francisco. _9102484 |
|
| 700 | 1 |
_aDíez de Revenga, Francisco Javier, _d1946- _944713 |
|
| 830 | 0 |
_aBiblioteca de estudios regionales ; _v22 _9230274 |
|
| 852 |
_aES-MaACL _jL-26655 _bR.132233 _q. - Ded. autog. del autor |
||
| 999 |
_c53805 _d53805 |
||